000 00431nam a22001697a 4500
003 OSt
005 20250629153346.0
008 250629b |||||||| |||| 00| 0 eng d
020 _a9781032374314
082 _a327.54
_bSABI
100 _aSabharwal, Sharat
245 _aIndia's Pakistan Conundrum: Managing a complex relationship
260 _aNew York
_bRoutledge
300 _a228P.
546 _aEnglish
942 _2ddc
_cBK
999 _c3824
_d3824